000 00498nam a2200193 a 4500
001 1771666074578
003 YourLibrary
005 20260221145946.0
008 260221s2007##################000#0#eng##
020 _a9781412908085
082 0 4 _a338.47
_bHES
100 1 _aHesmondhalgh, David,
_eauthor.
245 1 0 _aThe Cultural Industries :
260 _bSAGE,
_c2007.
300 _a364 pages
650 0 _aBusiness & Economics.
942 _cENGLISH
040 _aYourLibrary
_beng
_cYourLibrary
999 _c615244
_d615244